Taylor Swift mystery lyrics #61 - Statistics

General Stats
  • This quiz has been taken 76 times
    75 since last reset
  • The average score is 190 of 299
Answer Stats
Answer % Correct
I
98%
You
96%
you
96%
a
95%
the
95%
on
93%
your
93%
and
91%
And
91%
me
91%
it
88%
It
88%
to
88%
you're
86%
In
84%
in
84%
my
82%
one
81%
So
81%
so
81%
that
81%
if
79%
But
75%
but
75%
can
75%
is
75%
were
75%
know
74%
of
72%
they
72%
They
72%
all
70%
don't
70%
how
70%
How
70%
was
70%
'cause
68%
'Cause
68%
say
68%
it's
67%
like
67%
tell
67%
now
63%
Now
63%
Oh
60%
oh
60%
had
58%
think
58%
up
58%
with
58%
you'll
58%
got
56%
just
56%
out
56%
lucky
53%
some
51%
Yeah
51%
look
47%
make
47%
over
47%
still
47%
time
47%
here
46%
loves
46%
New
46%
right
46%
city
44%
doesn't
44%
feel
44%
dream
42%
name
42%
they'll
42%
town
42%
even
40%
lover
40%
things
40%
used
40%
fame
39%
goes
39%
made-up
39%
alive
37%
figured
37%
Let
37%
lights
37%
sky
37%
Everybody
35%
pretty
35%
took
35%
fortune
33%
wonder
33%
chasing
32%
Chose
32%
cool
32%
front
32%
hell
32%
school
32%
since
32%
take
32%
angel's
30%
big
30%
bought
30%
land
30%
money
30%
place
30%
confused
28%
diamonds
28%
dignity
28%
end
28%
garden
28%
Madison
28%
page
28%
rose
28%
somewhere
28%
Square
28%
understand
28%
bunch
26%
few
26%
foyer
26%
later
26%
news
26%
queen
26%
years
26%
young
26%
60's
25%
Another
25%
camera
25%
line
25%
showed
25%
cars
23%
flashes
23%
secrets
23%
splashed
23%
black
21%
disappeared
21%
legend
21%
overnight
21%
Riviera
21%
views
19%
No matching quizzes found
Score Distribution
Percent of People with Each Score
Percentile by Number Answered
Your Score History
You have not taken this quiz since the last reset